000 00659cab a22001935a 4500
001 L154226
008 111103e20111029xxk 000 0 eng d
035 _a(Sirsi) u154226
041 0 _aeng
100 1 _aVigus, Emma
245 0 0 _aBleak outlook remains
260 _c2011
490 _aEstates Gazette
_v(1143) 29 October 2011, 100-101(2)
520 _aLooks at surveyors professional indemnity insurance which is rising due to the economic downturn and an increase in the number of global disasters.
590 _aKA
651 4 _aUnited Kingdom
_y
690 _aMANAGEMENT-BUSINESS MANAGEMENT-INSURANCE-PROFESSIONAL INDEMNITY INSURANCE
942 _n0
999 _c83543
_d83543